000
00368nam a2200133Ia 4500
008
151001s9999||||xx |||||||||||||| ||und||
100
_a
Mukhyananda Swami
245
_a
Hinduism: The Eternal Dharma
250
_a
1
260
_b
Central law Agency
260
_c
2000
300
_a
181
365
_b
21
999
_c
979327
_d
979324